000 00572nam a2200169Ia 4500
003 IN-BaIIA
008 211028s9999 xx s 000 0 eng d
020 _a9780819493132 (Print)
040 _cIIA Library
100 _aShimura, Tsutomu, ed.
_922455
245 0 _aOptoelectronic Imaging and Multimedia Technology II
_h[eBook]
260 _aWashington, USA
_bSPIE
_c2012
300 _aOnline resource
490 _aProceedings of SPIE; V. 8558
856 _uhttps://www.spiedigitallibrary.org/conference-proceedings-of-spie/8558
_yClick Here to Access eBook
942 _cEB
999 _c30398
_d30398